000 00306nam a22001331a 4500
999 _c170728
_d170728
082 _aM 494.812 5
_bGEO/M
100 _aGeorge
245 _aMalayalavum malayalikalum/
_cby George
260 _a
_b
_c
650 _aLanguage Malayalam
650 _aGrammar Malayalam
650 _aLanguage
942 _cBK